000 00305nam a22001337a 4500
008 171013b xxu||||| |||| 00| 0 eng d
020 _a9780199856619
041 _aeng
080 _a159.9
100 _a51
101 _aPSI
245 _aPSYCHOLOGY CONTEMPORARY PERSPECTIVES
_cOKAMI,P
942 _2udc
_cBK
999 _c33816
_d33816